Van Halen: Albums by Cover - Statistics

General Stats
  • This quiz has been taken 71 times
  • The average score is 10 of 12
Answer Stats
Picture Hint Answer % Correct
1978 Van Halen
100%
1979 Van Halen II
98%
1984 1984
95%
1982 Diver Down
90%
1986 5150
87%
1988 OU812
82%
1980 Women and Children First
82%
1998 Van Halen III
78%
1995 Balance
72%
1991 For Unlawful Carnal Knowledge
70%
1981 Fair Warning
68%
2012 A Different Kind of Truth
47%
No matching quizzes found
Score Distribution
Percent of People with Each Score
Percentile by Number Answered
Your Score History
You have not taken this quiz